Les Papes et leur nom de règne - Mort subite - Statistiques

Statistiques générales
  • Ce quiz a été pris 16 139 fois
    15 976 depuis la dernière actualisation
  • Le résultat moyen est 6 sur 20
Answers on the Grid
Answers color-coded by a green-red scale on the quiz's grid according to % correct below.
Urbain
Pie
Alexandre
Pierre
Fabien
Étienne
Marcellin
Sylvestre
Félix
Innocent
Gélase
Vigile
François
Léon
Jean-Paul
Constantin
Calixte
Boniface
Éleuthère
Clément
Termicius
Algeuzibe
Ostimère
Robert
Christian
Germain
Julien
Gisbert
Habemus
Gélize
Mathieu
Luc
Thomas
Justinien
Antoine
Baptiste
 
Statistiques - réponses
Réponse % Correct
Jean-Paul
67%
François
65%
Léon
65%
Pie
63%
Urbain
51%
Innocent
48%
Pierre
40%
Clément
37%
Boniface
34%
Constantin
25%
Alexandre
23%
Calixte
21%
Étienne
18%
Sylvestre
16%
Félix
13%
Gélase
7%
Vigile
7%
Marcellin
6%
Éleuthère
5%
Fabien
4%
Aucun quiz correspondant
Distribution des résultats
% des personnes avec chaque résultat
Percentile par nombre de réponses
Votre historique - résultats
Vous n’avez pas pris ce quiz depuis la dernière actualisation